Pays du russe au français - Statistiques

Statistiques générales
  • Ce quiz a été pris 214 fois
  • Le résultat moyen est 12 sur 14
Statistiques - réponses
Pays en russe Et en français % Correct
Россия Russie
96%
Канада Canada
93%
Франция France
93%
Германия Allemagne
90%
Финляндия Finlande
90%
Украина Ukraine
88%
Испания Espagne
87%
Иран Iran
86%
Индия Inde
85%
Норвегия Norvège
85%
Куба Cuba
80%
Соединённые Шта́ты États-Unis
72%
Египет Egypte
71%
Китай Chine
67%
Aucun quiz correspondant
Distribution des résultats
% des personnes avec chaque résultat
Percentile par nombre de réponses
Votre historique - résultats
Vous n’avez pas pris ce quiz